| 000 | 00662nam a2200217Ia 4500 | ||
|---|---|---|---|
| 003 | IN-BaIIA | ||
| 008 | 211028s9999 xx 000 0 eng d | ||
| 020 | _a3-540-06947-X | ||
| 040 | _cIIA Library | ||
| 080 |
_a53+54:629.19 _bPCS-8 |
||
| 100 |
_aHasegawa, Akira _99056 |
||
| 245 | 0 |
_aPlasma instabilities and nonlinear effects _cAkira Hasegawa |
|
| 260 |
_aBerlin _bSpringer-Verlag _c1975 |
||
| 300 | _axi, 217p., 48 fig. | ||
| 490 | _aPhysics and Chemistry in Space; v. 8 | ||
| 650 |
_a Plasma Instabilities _99057 |
||
| 650 | _a Plasma Physics | ||
| 650 |
_a Plasmas _98013 |
||
| 650 |
_aAstronomy and Astrophysics Thesaurus _91143 |
||
| 942 | _cBK | ||
| 999 |
_c5085 _d5085 |
||